<?xml version="1.0" encoding="UTF-8"?>
<record
    xmlns:xsi="http://www.w3.org/2001/XMLSchema-instance"
    xsi:schemaLocation="http://www.loc.gov/MARC21/slim http://www.loc.gov/standards/marcxml/schema/MARC21slim.xsd"
    xmlns="http://www.loc.gov/MARC21/slim">

  <leader>01806nam a2200277Ia 4500</leader>
  <controlfield tag="008">120626s2007    SP a          000 0 SP  d</controlfield>
  <datafield tag="020" ind1=" " ind2=" ">
    <subfield code="a">978-84-9788-663-5</subfield>
  </datafield>
  <datafield tag="050" ind1=" " ind2=" ">
    <subfield code="a">LB1028</subfield>
    <subfield code="b"> D57 2007</subfield>
  </datafield>
  <datafield tag="245" ind1=" " ind2=" ">
    <subfield code="a">Dise&#xF1;o y producci&#xF3;n de TIC para la formaci&#xF3;n</subfield>
    <subfield code="b">: Nuevas tecnolog&#xED;as de la informaci&#xF3;n y la comunicaci&#xF3;n</subfield>
    <subfield code="c">/ Coordinadores Julio, Cabero Almenara: Rosalia, Romero Tena y otros</subfield>
  </datafield>
  <datafield tag="260" ind1=" " ind2=" ">
    <subfield code="a">Espa&#xF1;a</subfield>
    <subfield code="b"> : UOC</subfield>
    <subfield code="c">,  2007</subfield>
  </datafield>
  <datafield tag="300" ind1=" " ind2=" ">
    <subfield code="a">205 p&#xE1;ginas</subfield>
    <subfield code="b">: ilustraciones</subfield>
  </datafield>
  <datafield tag="336" ind1=" " ind2=" ">
    <subfield code="a">texto</subfield>
  </datafield>
  <datafield tag="337" ind1=" " ind2=" ">
    <subfield code="a">sin medio</subfield>
  </datafield>
  <datafield tag="338" ind1=" " ind2=" ">
    <subfield code="a">vol&#xFA;men</subfield>
  </datafield>
  <datafield tag="490" ind1=" " ind2=" ">
    <subfield code="a">Ciencias de la Educaci&#xF3;n</subfield>
    <subfield code="v">95</subfield>
  </datafield>
  <datafield tag="500" ind1=" " ind2=" ">
    <subfield code="a">T&#xED;tulo original:  Dise&#xF1;o y Producci&#xF3;n de TIC para la Formaci&#xF3;n</subfield>
  </datafield>
  <datafield tag="504" ind1=" " ind2=" ">
    <subfield code="a">Incluye Referencias Bibliogr&#xE1;ficas p.199</subfield>
  </datafield>
  <datafield tag="505" ind1=" " ind2=" ">
    <subfield code="a">Las TIC en los procesos de formaci&#xF3;n. Nuevos medios, nuevos escenarios para la formaci&#xF3;n
El uso y dise&#xF1;o de las presentaciones colectivas
El dise&#xF1;o de videos educativos: el video digital
Los multimedias e hipermedia. Uso, dise&#xF1;o y producci&#xF3;n en los procesos de formaci&#xF3;n
Internet aplicado a la educaci&#xF3;n: dise&#xF1;o de webquest, blogs y wikis
Elearning: variables a considerar en su dise&#xF1;o e incorporaci&#xF3;n a los procesos de formaci&#xF3;n
Profesores y alumnos. Protagonistas de sus herramientas de y para el aprendizaje</subfield>
  </datafield>
  <datafield tag="519" ind1=" " ind2=" ">
    <subfield code="a">Plan Flexible / </subfield>
    <subfield code="b">Maestr&#xED;a en Educaci&#xF3;n / </subfield>
    <subfield code="c">Tecnolog&#xED;as de la Informaci&#xF3;n y la Comunicaci&#xF3;n e Innovaci&#xF3;n Educativa / </subfield>
    <subfield code="d">(13 004342)</subfield>
  </datafield>
  <datafield tag="519" ind1=" " ind2=" ">
    <subfield code="a">Plan Flexible / </subfield>
    <subfield code="b">Maestr&#xED;a en Educaci&#xF3;n / </subfield>
    <subfield code="c">Tecnolog&#xED;as de la Informaci&#xF3;n y la Comunicaci&#xF3;n e Innovaci&#xF3;n Educativa  (M04-3) / </subfield>
    <subfield code="d">(21 003301)</subfield>
  </datafield>
  <datafield tag="650" ind1="1" ind2="4">
    <subfield code="a">INNOVACIONES EDUCATIVAS</subfield>
  </datafield>
  <datafield tag="650" ind1="2" ind2="4">
    <subfield code="a">TECNOLOG&#xCD;A DE LA INFORMACI&#xD3;N</subfield>
    <subfield code="x">ASPECTOS SOCIALES</subfield>
  </datafield>
  <datafield tag="700" ind1=" " ind2=" ">
    <subfield code="a">Cabero, Almenara, Julio</subfield>
    <subfield code="e">coordinador</subfield>
  </datafield>
  <datafield tag="700" ind1=" " ind2=" ">
    <subfield code="a">Romero Tena, Rosal&#xED;a</subfield>
    <subfield code="e">coordinador</subfield>
  </datafield>
  <datafield tag="942" ind1=" " ind2=" ">
    <subfield code="c">LB</subfield>
    <subfield code="2">lcc</subfield>
  </datafield>
  <datafield tag="952" ind1=" " ind2=" ">
    <subfield code="0">0</subfield>
    <subfield code="1">0</subfield>
    <subfield code="4">0</subfield>
    <subfield code="7">0</subfield>
    <subfield code="a">11</subfield>
    <subfield code="b">11</subfield>
    <subfield code="d">2011-07-22</subfield>
    <subfield code="l">6</subfield>
    <subfield code="o">LB1028 D57 2007</subfield>
    <subfield code="p">11 009283</subfield>
    <subfield code="r">2019-05-29</subfield>
    <subfield code="s">2019-05-29</subfield>
    <subfield code="t">1</subfield>
    <subfield code="w">2012-06-26</subfield>
    <subfield code="y">LB</subfield>
  </datafield>
  <datafield tag="952" ind1=" " ind2=" ">
    <subfield code="0">0</subfield>
    <subfield code="1">0</subfield>
    <subfield code="4">0</subfield>
    <subfield code="7">0</subfield>
    <subfield code="a">11</subfield>
    <subfield code="b">11</subfield>
    <subfield code="d">2011-07-22</subfield>
    <subfield code="l">6</subfield>
    <subfield code="o">LB1028 D57 2007</subfield>
    <subfield code="p">11 009284</subfield>
    <subfield code="r">2016-04-20</subfield>
    <subfield code="s">2016-04-20</subfield>
    <subfield code="t">2</subfield>
    <subfield code="w">2012-06-26</subfield>
    <subfield code="y">LB</subfield>
  </datafield>
  <datafield tag="952" ind1=" " ind2=" ">
    <subfield code="0">0</subfield>
    <subfield code="1">0</subfield>
    <subfield code="4">0</subfield>
    <subfield code="7">0</subfield>
    <subfield code="a">13</subfield>
    <subfield code="b">13</subfield>
    <subfield code="d">2016-09-23</subfield>
    <subfield code="l">0</subfield>
    <subfield code="o">LB1028 D57 2007</subfield>
    <subfield code="p">13 004342</subfield>
    <subfield code="r">2016-09-23</subfield>
    <subfield code="t">1</subfield>
    <subfield code="w">2016-09-23</subfield>
    <subfield code="y">LB</subfield>
  </datafield>
  <datafield tag="952" ind1=" " ind2=" ">
    <subfield code="0">0</subfield>
    <subfield code="1">0</subfield>
    <subfield code="4">0</subfield>
    <subfield code="7">0</subfield>
    <subfield code="a">21</subfield>
    <subfield code="b">21</subfield>
    <subfield code="d">2016-10-06</subfield>
    <subfield code="l">3</subfield>
    <subfield code="o">LB1028 D57 2007</subfield>
    <subfield code="p">21 003301</subfield>
    <subfield code="r">2020-02-08</subfield>
    <subfield code="s">2020-02-08</subfield>
    <subfield code="t">1</subfield>
    <subfield code="w">2016-10-06</subfield>
    <subfield code="y">LB</subfield>
  </datafield>
  <datafield tag="999" ind1=" " ind2=" ">
    <subfield code="c">72857</subfield>
    <subfield code="d">72857</subfield>
  </datafield>
</record>
